[Event "30/move"]
[Site "?"]
[Date "2006.03.31"]
[Round "2"]
[White "Mephisto Miami"]
[Black "Mephisto Milano Pro"]
[Result "0-1"]
[WhiteElo "1966"]
[BlackElo "2124"]
[PlyCount "130"]
[EventDate "2006.03.31"]
[EventType "tourn (rapid)"]
[EventRounds "20"]
[EventCountry "NED"]
[SourceDate "2006.03.12"]

1. e4 e5 2. Nf3 Nc6 3. Bb5 a6 4. Ba4 Nf6 5. d4 exd4 6. O-O Be7 7. e5 Ne4 8.
Nxd4 {Miami letzter Buchzug} O-O {Milano pro letzter Buchzug} 9. Bxc6 dxc6 10.
Re1 Ng5 ({RR} 10... f5 11. c3 Kh8 12. Qe2 Qe8 13. Bf4 c5 14. Nb3 b6 15. c4 Bb7
16. f3 Ng5 17. Nc3 Bxf3 18. Qe3 Bc6 19. Bxg5 Qg6 20. h4 h6 21. Qh3 hxg5 22.
hxg5+ Kg8 23. Nd5 Bxd5 24. cxd5 Rad8 25. Qf3 {
Popovic,P-Smejkal,J/Trnava 1980/EXT 98/0-1 (41)}) 11. Nc3 $146 ({RR} 11. h4 Ne6
12. Nf5 Bxh4 13. Qg4 Bg5 14. Rd1 h5 15. Qxh5 g6 16. Qf3 Qe8 17. Nh6+ Kg7 18.
Bxg5 Nxg5 19. Qf6+ Kxh6 20. Rd4 Kh5 21. g3 Nh3+ 22. Kg2 g5 23. g4+ Bxg4 24.
Rxg4 Qd7 25. Kxh3 Qxg4+ {Levy,J-Kramer,G/Saint Paul 2000/EXT 2001/0-1}) ({RR} 
11. Be3 c5 12. Bxg5 Bxg5 13. Nf3 Be7 14. Qe2 Be6 15. Nc3 Qd7 16. Rad1 Qc6 17.
a3 Rfd8 18. Ne4 h6 19. Nc3 b5 20. Qe4 Qxe4 21. Nxe4 Bf5 22. Rxd8+ Rxd8 23. Kf1
a5 24. h3 Kf8 25. Nfd2 a4 {Rerabek,J-Soutner,J/Plzen 2001/EXT 2002/0-1 (39)})
11... Bb4 12. Nxc6 Nh3+ 13. gxh3 Qxd1 14. Rxd1 bxc6 15. Kg2 Bf5 16. a3 Be7 17.
Rd2 Rad8 18. Re2 Rd7 19. Be3 Rb8 20. Rb1 h6 21. f4 Kf8 22. Kg3 a5 23. Bf2 Ke8
24. Ba7 Rb7 25. Be3 Rd8 26. Bc1 Rb6 27. b3 c5 28. Bb2 Rg6+ 29. Kf3 Bxh3 30. Ke3
c4 31. Ne4 cxb3 32. cxb3 Rb6 33. Bd4 Rb5 34. a4 Rbd5 35. Rd2 Bb4 36. Bc3 Rxd2
37. Bxd2 Bxd2+ 38. Nxd2 Bf5 39. Rg1 Rd3+ 40. Ke2 Rh3 41. Nf3 Bc2 42. Rxg7 Bxb3
43. f5 Bxa4 44. Ke3 Bc6 45. Rg3 Rxg3 46. hxg3 Bxf3 47. e6 fxe6 48. fxe6 a4 49.
Kd4 a3 50. Kc3 Bd1 51. e7 Ba4 52. Kb4 a2 53. Kxa4 a1=Q+ 54. Kb3 Qd4 55. Ka2 c5
56. Kb3 Qd3+ 57. Ka4 Qxg3 58. Kb5 Qd6 59. Kc4 h5 60. Kb5 h4 61. Kc4 h3 62. Kb5
h2 63. Kc4 h1=Q {# in 3} 64. Kc3 {# in -3} Qb1 65. Kc4 Qbd3# {31:58 - 26:54}
0-1

[Event "30/move"]
[Site "?"]
[Date "2006.03.31"]
[Round "3"]
[White "Mephisto Milano Pro"]
[Black "Mephisto Miami"]
[Result "1-0"]
[WhiteElo "2124"]
[BlackElo "1966"]
[PlyCount "75"]
[EventDate "2006.03.31"]
[EventType "tourn (rapid)"]
[EventRounds "20"]
[EventCountry "NED"]
[SourceDate "2006.03.12"]

1. e4 e5 2. Nc3 Nf6 3. Bc4 Nc6 4. d3 Bb4 5. Nf3 d6 6. O-O Bxc3 7. bxc3 Na5 8.
Bb3 Nxb3 ({RR} 8... c6 9. h3 h6 10. Re1 O-O 11. d4 Qc7 12. Nh4 Kh7 13. Qf3 Nxb3
14. axb3 d5 15. Ba3 dxe4 16. Rxe4 Nxe4 17. Bxf8 Ng5 18. Qg3 Qd8 19. Bxg7 Kxg7
20. dxe5 Kh8 21. f4 Ne4 22. Qe1 Nxc3 23. f5 {
Gdanski,J-Kogan,A/Biel 1994/CBM 42/1/2-1/2 (32)}) 9. cxb3 {
Milano Pro letzter Buchzug} O-O $146 {Miami letzter Buchzug} ({RR} 9... Bg4 10.
h3 Bh5 11. Re1 h6 12. d4 Nd7 13. Qd3 Qf6 14. Nd2 g5 15. Bb2 g4 16. hxg4 Bxg4
17. Qg3 Bh5 18. Qh2 Qg5 19. Bc1 Bg6 20. Nc4 Qf6 21. f3 Qe6 22. Bg5 f6 23. Be3
a6 24. Qg3 {Comp Chessmaster 6000-Menyhart,T/Debrecen 1999/EXT 2001/0-1 (87)})
({RR} 9... c5 10. c4 h6 11. h3 Be6 12. b4 Nd7 13. b5 g5 14. g4 Nf8 15. Ne1 Ng6
16. Ng2 Nf4 17. Nxf4 gxf4 18. Kh2 h5 19. g5 Qxg5 20. Rg1 Qh4 21. Qf1 Ke7 22.
Qg2 Rag8 {0-1 Schwehm,C-Neu,P/Griesheim 2003/EXT 2004}) 10. Bg5 h6 11. Bh4 g5
12. Nxg5 hxg5 13. Bxg5 a6 14. Qc1 Re8 15. f4 Bf5 16. fxe5 Rxe5 17. d4 Rb5 18.
c4 Rb6 19. Rxf5 d5 20. c5 Rc6 21. exd5 Qd7 22. Rxf6 Qxd5 23. Qf4 Re8 24. Rf1
Re4 25. Qg3 Rxf6 26. Bxf6+ Kf8 27. Qg7+ Ke8 28. c6 Qd6 29. Qg8+ Qf8 30. cxb7
Qxg8 31. b8=Q+ Kd7 32. Qxg8 Kc6 33. Qa8+ Kb6 34. Qxe4 Ka7 35. Qc6 {# in 4} a5
36. Rf5 Kb8 37. Rb5+ Ka7 38. Qb7# {08:30 - 15:14} 1-0

[Event "30/move"]
[Site "?"]
[Date "2006.03.31"]
[Round "4"]
[White "Mephisto Miami"]
[Black "Mephisto Milano Pro"]
[Result "0-1"]
[WhiteElo "1966"]
[BlackElo "2124"]
[PlyCount "128"]
[EventDate "2006.03.31"]
[EventType "tourn (rapid)"]
[EventRounds "20"]
[EventCountry "NED"]
[SourceDate "2006.03.12"]

1. d4 d5 2. c4 c6 3. Nc3 Nf6 4. e3 {Miami verlässt zunächst das Buch} e6 5. Nf3
Nbd7 6. Bd3 {Miami zurück im Buch} Bd6 7. O-O {Miami letzter Buchzug} O-O 8. e4
dxc4 9. Bxc4 e5 10. Bg5 Qe7 {Milano Pro letzter Buchzug} 11. Rc1 $146 ({RR} 11.
Kh1 h6 ({RR} 11... Rd8 12. Qc2 h6 13. Bxf6 Qxf6 14. dxe5 Bxe5 15. Rad1 Re8 16.
Be2 Bc7 17. Ne1 Ne5 18. f4 Ng4 19. Bxg4 Bxg4 20. Rd3 Rad8 21. Qf2 Rxd3 22. Nxd3
Rd8 23. Qg3 Be6 24. e5 Qf5 25. Nc5 Bxe5 26. Nxe6 {
Maroczy,G-Chigorin,M/London 1899/HCL/0-1 (33)}) 12. Bh4 b5 13. Bd3 b4 14. Ne2
g5 15. Nxg5 hxg5 16. Bxg5 Qe6 17. Bxf6 Nxf6 18. f4 Ng4 19. fxe5 Qh6 20. h3 Ne3
21. Qd2 Bxh3 22. Rf4 Bxg2+ 23. Kg1 Qh3 24. Kf2 Ng4+ 25. Rxg4+ Qxg4 {
Schlechter,C-Schiffers,E/Vienna 1898/HCL/1-0 (41)}) ({RR} 11. h3 Rd8 ({RR} 
11... h6 12. Be3 Rd8 13. d5 Nb6 14. Bb3 Bb4 15. Qe2 Bxc3 16. bxc3 cxd5 17. Bxb6
axb6 18. exd5 Nxd5 19. Rad1 Be6 20. Qxe5 Qc5 21. Rd3 Nc7 22. Qe4 Qc6 23. Qe2
Bxb3 24. axb3 Ne6 25. c4 Rxd3 26. Qxd3 {
Romanova,I-Dolukhanova,E/Kharkov 2003/CBM 96 ext/0-1 (41)}) 12. Qe2 h6 13. Be3
exd4 14. Bxd4 Ne5 15. Bxe5 Bxe5 16. Nxe5 Qxe5 17. f4 Qc5+ 18. Kh2 Rd4 19. Bb3
Be6 20. Bxe6 fxe6 21. e5 Nd5 22. Qg4 Qe7 23. Nxd5 Rxd5 24. Rae1 Rd4 25. Rd1
Rad8 {Petursson,M-Akopian,V/Debrecen 1992/EU-chT/1/2-1/2}) ({RR} 11. Bb3 Rd8
12. Re1 Nf8 13. dxe5 Bxe5 14. Qc2 Ng6 15. Ne2 h6 16. Nxe5 Nxe5 17. Bxf6 Qxf6
18. f4 Ng6 19. g3 Bg4 20. e5 Qf5 21. Qxf5 Bxf5 22. Red1 Bg4 23. Kf2 Ne7 24. Bc2
Nd5 25. Be4 Bxe2 {Rubinstein,A-Maliutin,B/St Petersburg 1905/HCL/0-1 (56)})
11... exd4 12. Nxd4 Nb6 13. Bb3 Rd8 14. h3 Be5 15. Nce2 h6 16. Bh4 g5 17. Bg3
Bxd4 18. Nxd4 c5 19. e5 Ne8 20. Bxf7+ Qxf7 21. Rxc5 Qxa2 22. b4 Qb2 23. Qb3+
Qxb3 24. Nxb3 Rd3 25. Nc1 Rd4 26. f4 Rxb4 27. f5 Rb2 28. f6 Be6 29. Rf2 Rxf2
30. Kxf2 Nc4 31. Ne2 b6 32. Rb5 Rd8 33. Ke1 Ne3 34. Kf2 Nd1+ 35. Kf1 Rd2 36.
Rb4 Ne3+ 37. Ke1 Rc2 38. Re4 Nxg2+ 39. Kd1 Ra2 40. Nc1 Ra3 41. Bf2 Bxh3 42. Bd4
Bf5 43. Re2 Bg4 44. e6 Nf4 45. f7+ Kf8 46. fxe8=Q+ Kxe8 47. Bb2 Rh3 48. Bf6
Nxe2 49. Nxe2 Rh2 50. Kc2 Rxe2+ 51. Kd3 a5 52. e7 Re6 53. Bc3 Rc6 54. Be1 Kxe7
55. Bd2 Rd6+ 56. Kc2 Bf5+ 57. Kc1 Rc6+ 58. Kd1 Bg4+ 59. Ke1 Rc2 60. Bxg5+ hxg5
61. Kf1 a4 {# in 4} 62. Ke1 a3 63. Kf1 a2 64. Kg1 a1=Q# {28:56 - 27:35} 0-1

[Event "30/move"]
[Site "?"]
[Date "2006.03.31"]
[Round "5"]
[White "Mephisto Milano Pro"]
[Black "Mephisto Miami"]
[Result "1/2-1/2"]
[WhiteElo "2124"]
[BlackElo "1966"]
[PlyCount "49"]
[EventDate "2006.03.31"]
[EventType "tourn (rapid)"]
[EventRounds "20"]
[EventCountry "NED"]
[SourceDate "2006.03.12"]

1. e4 e5 2. Nf3 Nc6 3. Bb5 a6 4. Ba4 d6 {Miami letzter Buchzug} 5. c3 {
Milano Pro letzter Buchzug} Nf6 6. d4 Bd7 7. Bg5 ({RR} 7. Qe2 Be7 8. d5 ({RR} 
8. h3 O-O 9. d5 Nb8 10. Bc2 c6 11. c4 b5 12. b3 Re8 13. Nc3 Qa5 14. Bd2 b4 15.
Nd1 cxd5 16. exd5 Qc5 17. Be3 Qc7 18. a3 bxa3 19. Rxa3 Bf8 20. O-O g6 21. Nc3
Bc8 22. Nb5 Qb7 {Sallai,K-Papista,A/Hungary 2003/EXT 2004/0-1 (69)}) 8... Nb8
9. Bc2 c6 10. c4 a5 11. Nc3 Na6 12. O-O O-O 13. h3 h6 14. Be3 c5 15. Ne1 g5 16.
a3 Kg7 17. Nd3 Qe8 18. f4 gxf4 19. Nxf4 Rh8 20. Rf2 exf4 21. Bxf4 Nh7 {
Svidler,P-Malaniuk,V/Maikop 1998/CBM 66/1-0 (35)}) 7... Be7 8. Nbd2 O-O 9. O-O
Ng4 $146 ({RR} 9... b5 10. Bc2 Ng4 11. Bxe7 Qxe7 12. h3 Nh6 13. Qe2 f5 14. exf5
Bxf5 15. Bxf5 Nxf5 16. Qe4 Qe8 17. Qd5+ Kh8 18. dxe5 Nxe5 19. Nxe5 Qxe5 20.
Qxe5 dxe5 21. Rfe1 Rae8 22. Ne4 Kg8 23. Nc5 Rf6 24. f4 {
Smuk,Z-Landup,B/Djakovo 1994/EXT 97/1-0 (33)}) ({RR} 9... exd4 10. cxd4 d5 11.
e5 Ne4 12. Bxe7 Qxe7 13. Re1 Nxd2 14. Qxd2 Nd8 15. Bc2 Ne6 16. Qd3 g6 17. Qd2
a5 18. Re3 Rfd8 19. h4 c5 20. h5 cxd4 21. Nxd4 Qb4 22. Rd1 Qxd2 23. Rxd2 Rac8
24. Nxe6 {Kopaev,N-Lipnitsky,I/Kiev 1950/EXT 99/1-0 (37)}) 10. Bxe7 Qxe7 11. d5
Nb8 12. b4 Bxa4 13. Qxa4 Nf6 14. c4 Re8 15. Qc2 Nh5 16. Rfb1 Nf4 17. a4 Ne2+
18. Kf1 Nf4 19. Kg1 Nd7 20. Nf1 Qf6 21. Ng3 Nh3+ 22. Kh1 Nf4 23. Kg1 Nh3+ 24.
Kh1 Nf4 25. Kg1 {Remis wg. 3-facher Zugwiederholung, 11:39 - 10:58} 1/2-1/2

[Event "30/move"]
[Site "?"]
[Date "2006.03.31"]
[Round "6"]
[White "Mephisto Miami"]
[Black "Mephisto Milano Pro"]
[Result "1/2-1/2"]
[WhiteElo "1966"]
[BlackElo "2124"]
[PlyCount "306"]
[EventDate "2006.03.31"]
[EventType "tourn (rapid)"]
[EventRounds "20"]
[EventCountry "NED"]
[SourceDate "2006.03.12"]

1. e4 e5 2. Nc3 Nf6 3. Bc4 Nc6 4. d3 Bb4 5. Nf3 d6 6. O-O Bxc3 7. bxc3 Na5 8.
Bb3 Nxb3 ({RR} 8... c6 9. h3 h6 10. Re1 O-O 11. d4 Qc7 12. Nh4 Kh7 13. Qf3 Nxb3
14. axb3 d5 15. Ba3 dxe4 16. Rxe4 Nxe4 17. Bxf8 Ng5 18. Qg3 Qd8 19. Bxg7 Kxg7
20. dxe5 Kh8 21. f4 Ne4 22. Qe1 Nxc3 23. f5 {
Gdanski,J-Kogan,A/Biel 1994/CBM 42/1/2-1/2 (32)}) 9. cxb3 O-O $146 {
Milano pro letzter Buchzug} ({RR} 9... Bg4 10. h3 Bh5 11. Re1 h6 12. d4 Nd7 13.
Qd3 Qf6 14. Nd2 g5 15. Bb2 g4 16. hxg4 Bxg4 17. Qg3 Bh5 18. Qh2 Qg5 19. Bc1 Bg6
20. Nc4 Qf6 21. f3 Qe6 22. Bg5 f6 23. Be3 a6 24. Qg3 {
Comp Chessmaster 6000-Menyhart,T/Debrecen 1999/EXT 2001/0-1 (87)}) ({RR} 9...
c5 10. c4 h6 11. h3 Be6 12. b4 Nd7 13. b5 g5 14. g4 Nf8 15. Ne1 Ng6 16. Ng2 Nf4
17. Nxf4 gxf4 18. Kh2 h5 19. g5 Qxg5 20. Rg1 Qh4 21. Qf1 Ke7 22. Qg2 Rag8 {
0-1 Schwehm,C-Neu,P/Griesheim 2003/EXT 2004}) 10. h3 {Miami letzter Buchzug} c6
11. Bb2 b6 12. Re1 Bb7 13. d4 exd4 14. cxd4 Re8 15. e5 dxe5 16. Nxe5 Qd5 17.
Qf3 Re6 18. Rad1 Rae8 19. Qg3 Ne4 20. Qf4 Nd6 21. Qg4 Qa5 22. a3 f6 23. b4 Qa4
24. Nd3 f5 25. Qf4 Qb3 26. Qc1 Nc4 27. Rxe6 Rxe6 28. Ba1 Nxa3 29. Re1 Re4 30.
Re3 Nc2 31. Nc5 Rxe3 32. Nxb3 Re1+ 33. Qxe1 Nxe1 34. Nc1 Nc2 35. Bc3 Kf7 36.
Nd3 Ke6 37. Nf4+ Kd6 38. Nh5 g6 39. Nf4 c5 40. dxc5+ bxc5 41. bxc5+ Kxc5 42.
Kf1 Ba6+ 43. Kg1 Bc4 44. g4 fxg4 45. hxg4 Kb5 46. Ng2 a5 47. Ne3 Nxe3 48. fxe3
h5 49. gxh5 gxh5 50. e4 a4 51. e5 a3 52. Kg2 a2 53. Kg3 Kc6 54. Kf4 Kd5 55. Bb2
Ke6 56. Kg5 Be2 57. Ba1 Bf3 58. Bb2 Bg4 59. Ba1 Be2 60. Bb2 Bf3 61. Kf4 Bd1 62.
Kg5 Ke7 63. Bc3 Bf3 64. Kf4 Be2 65. Kg5 Kf7 66. Bb2 Bd1 67. Bc3 Ke7 68. Bd4 Bf3
69. Kf4 Bg4 70. Kg5 Kf7 71. Bb2 Ke8 72. Bc3 Be2 73. Bd4 Bd1 74. Bb2 Bf3 75. Bc3
Bg4 76. Bb2 Kf7 77. Bc3 Kf8 78. Bb2 Be2 79. Bc3 Ke7 80. Bd4 Bg4 81. Bc3 Kd7 82.
Kf4 Bd1 83. Kg5 Kd8 84. Bd4 Bf3 85. Kf4 Be2 86. Kg5 Ke8 87. Bc3 Bf3 88. Kf4 Bd1
89. Kg5 Kf7 90. Bd4 Bf3 91. Kf4 Be2 92. Kg5 Kg7 93. e6+ Kf8 94. Bf6 Ke8 95. e7
h4 96. Kxh4 Kf7 97. Kg5 Bb5 98. Kf5 Bd7+ 99. Kg5 Ke6 100. Kg6 Be8+ 101. Kg5 Kf7
102. Kf5 Bc6 103. e8=Q+ Bxe8 104. Bb2 Bd7+ 105. Ke5 Kg6 106. Kf4 Kh5 107. Bc3
Bc6 108. Bf6 Bb7 109. Kf5 Bc8+ 110. Kf4 Be6 111. Bb2 Bd5 112. Bf6 Bc4 113. Bb2
Ba6 114. Bf6 Bb5 115. Bb2 Bc4 116. Bc3 Bf7 117. Bd4 Bg6 118. Bb2 Be8 119. Bf6
Bc6 120. Kf5 Bd7+ 121. Kf4 Be8 122. Bb2 Bg6 123. Bf6 Bh7 124. Bb2 Bg8 125. Bc3
Bb3 126. Bb2 Be6 127. Bc3 Bg8 128. Bd4 Bf7 129. Bb2 Bb3 130. Bc3 Ba4 131. Bf6
Bc2 132. Bb2 Bd1 133. Bc3 Be2 134. Bb2 Bb5 135. Bc3 Bf1 136. Bb2 Bg2 137. Bf6
Bd5 138. Kf5 Bc4 139. Kf4 Ba6 140. Kf5 Bd3+ 141. Kf4 Bb1 142. Bb2 Bc2 143. Bc3
Bd1 144. Bd4 Bg4 145. Bb2 Bh3 146. Bc3 Kg6 147. Kg3 Bd7 148. Kf4 Kh6 149. Bd4
Bc8 150. Bb2 Be6 151. Ke5 Bd7 152. Kd6 Bb5 153. Kc5 Ba6 {
Remis wg. 50-Züge-Regel, 75:58 - 74:23} 1/2-1/2

[Event "30/move"]
[Site "?"]
[Date "2006.03.31"]
[Round "7"]
[White "Mephisto Milano Pro"]
[Black "Mephisto Miami"]
[Result "1-0"]
[WhiteElo "2124"]
[BlackElo "1966"]
[PlyCount "115"]
[EventDate "2006.03.31"]
[EventType "tourn (rapid)"]
[EventRounds "20"]
[EventCountry "NED"]
[SourceDate "2006.03.12"]

1. e4 c5 2. Nf3 Nc6 {Miami letzter Buchzug} 3. Bb5 Nf6 4. e5 Nd5 5. Nc3 {
Milano Pro letzter Buchzug} Nxc3 ({RR} 5... Nc7 6. Bxc6 ({RR} 6. a4 g6 7. Bxc6
dxc6 8. d3 Bg7 9. O-O O-O 10. Re1 Bg4 11. h3 Bxf3 12. Qxf3 Ne6 13. Re4 Nd4 14.
Qd1 Qd7 15. Ne2 Ne6 16. Nf4 Rad8 17. Nxe6 Qxe6 18. Qe2 Rd4 19. Rxd4 cxd4 20.
Bf4 Rc8 {Braunschlaeger,C-Michiels,B/Bad Wildbad 2003/CBM 93 ext/1/2-1/2 (42)})
6... dxc6 7. h3 g6 8. O-O Bg7 9. Re1 O-O 10. d3 Ne6 11. Ne4 f5 12. exf6 exf6
13. Rb1 b6 14. b3 a5 15. a4 Ra7 16. Bb2 Re7 17. Qd2 Nd4 18. Nxd4 cxd4 19. Ng3
c5 20. Rxe7 {Adams,M-Kramnik,V/Las Vegas 1999/CBM 72/1-0 (60)}) 6. dxc3 Qc7 7.
Qe2 $146 ({RR} 7. Bf4 e6 8. O-O b6 9. Re1 Bb7 10. Ng5 h6 11. Ne4 O-O-O 12. Nd6+
Bxd6 13. exd6 Qb8 14. h4 g5 15. hxg5 hxg5 16. Bxg5 Rdg8 17. Bf4 Nd4 18. cxd4
Bxg2 19. Bg3 Qa8 20. Ba6+ Kb8 21. d5 Bxd5 {
Ost Hansen,J-Kristiansen,J/Copenhagen 1977/EXT 2002/0-1}) 7... d5 8. exd6 Qxd6
9. O-O Bg4 10. Rd1 Qf6 11. Qd3 Bf5 12. Qd5 Qd6 13. Ne5 Qxd5 14. Rxd5 e6 15. Rd2
Rc8 16. Bxc6+ bxc6 17. g4 Bg6 18. Rd7 Ra8 19. Bf4 Be7 20. Rb7 Bf6 21. Nxg6 hxg6
22. Rd1 Rh4 23. f3 Rh3 24. Kg2 Rh7 25. Rdd7 g5 26. Be3 Rb8 27. Rxf7 Rxb7 28.
Rxb7 a6 29. Bxc5 Bd8 30. Ra7 a5 31. a4 e5 32. b4 axb4 33. cxb4 Bf6 34. c4 Rh4
35. h3 Rh6 36. b5 cxb5 37. cxb5 Bd8 38. Rxg7 Re6 39. Rg8+ Kd7 40. Be3 Rd6 41.
Bxg5 Bxg5 42. Rxg5 Rd2+ 43. Kg3 Ra2 44. Rxe5 Rxa4 45. h4 Ra3 46. Kf4 Kd6 47. h5
Rxf3+ 48. Kxf3 Kxe5 49. h6 Kd5 50. h7 Kc5 51. g5 Kxb5 52. g6 Kc4 53. h8=Q Kb3
54. g7 {# in 5} Kb4 55. g8=Q Kc5 56. Qe5+ Kb4 57. Qgb8+ Ka3 58. Qa5# {
22:42 - 26:43} 1-0

[Event "30/move"]
[Site "?"]
[Date "2006.03.31"]
[Round "8"]
[White "Mephisto Miami"]
[Black "Mephisto Milano Pro"]
[Result "0-1"]
[WhiteElo "1966"]
[BlackElo "2124"]
[PlyCount "116"]
[EventDate "2006.03.31"]
[EventType "tourn (rapid)"]
[EventRounds "20"]
[EventCountry "NED"]
[SourceDate "2006.03.12"]

1. e4 e5 2. Nc3 Nf6 3. f4 d5 4. fxe5 {Miami letzter Buchzug} Nxe4 5. Nxe4 dxe4
6. d4 exd3 7. Bxd3 Qh4+ 8. g3 Qe7 ({RR} 8... Qg4 9. Qf3 Bc5 10. Qe4 Qxe4+ 11.
Bxe4 O-O 12. Nf3 c6 13. h4 Bg4 14. Bf4 Bxf3 15. Bxf3 Rd8 16. Ke2 Na6 17. c3 Nc7
18. b4 Bb6 19. c4 Ne6 20. c5 Bc7 21. a3 Nd4+ 22. Kf2 Ne6 23. Rad1 {
Auchenberg,E-Larsen,A/Copenhagen 2003/CBM 95 ext/0-1 (51)}) 9. Qe2 Nc6 10. Bb5
Bd7 11. Bf4 $146 ({RR} 11. Nf3 a6 12. Bxc6 Bxc6 13. Rf1 O-O-O 14. Bd2 h6 15.
O-O-O Qe6 16. c4 Bc5 17. Bc3 Rxd1+ 18. Kxd1 Rd8+ 19. Kc1 f5 20. Nd2 g5 21. h3
Bb6 22. b3 Bc5 23. Kb2 Kb8 24. b4 Be7 25. Rf2 b6 {
Campbell,M-Neerava,S/Toowoomba 1986/EXT 2003/0-1 (44)}) 11... a6 12. Bd3 Nd4
13. Qg2 Bc6 14. Be4 Nxc2+ 15. Qxc2 Qb4+ 16. Bd2 Qxe4+ 17. Qxe4 Bxe4 18. Nf3
Bxf3 19. Rf1 Bd5 20. Rc1 c6 21. a3 Be7 22. Bc3 O-O 23. Rf2 Rfe8 24. h3 Bf6 25.
Re2 Bf3 26. Rec2 Bxe5 27. Bxe5 Rxe5+ 28. Kf2 Rf5 29. Rd2 Bd5+ 30. Kg1 Re8 31.
Rcd1 Rf3 32. Kh2 Ree3 33. Rg2 f5 34. Kg1 Rxg3 35. Rxg3 Rxg3+ 36. Kf1 Rxh3 37.
Re1 Rb3 38. Re5 g6 39. Ke1 Rxb2 40. Re8+ Kf7 41. Rd8 f4 42. Rd7+ Kg8 43. Rd8+
Kg7 44. Rd7+ Kh6 45. Rd6 f3 46. Rf6 b5 47. Kf1 Bc4+ 48. Kg1 Rg2+ 49. Kh1 Bd5
50. Rf8 f2 51. Rxf2 Rxf2+ 52. Kg1 Ra2 53. Kf1 Kg5 54. Ke1 Bf3 55. Kf1 Kf4 {
# in 4} 56. a4 {# in -3} bxa4 57. Kg1 Ke3 58. Kf1 Ra1# {28:21 - 23:00} 0-1

[Event "30/move"]
[Site "?"]
[Date "2006.03.31"]
[Round "9"]
[White "Mephisto Milano Pro"]
[Black "Mephisto Miami"]
[Result "1-0"]
[WhiteElo "2124"]
[BlackElo "1966"]
[PlyCount "109"]
[EventDate "2006.03.31"]
[EventType "tourn (rapid)"]
[EventRounds "20"]
[EventCountry "NED"]
[SourceDate "2006.03.12"]

1. e4 c5 2. Nf3 e6 3. d4 cxd4 4. Nxd4 Nf6 5. Nc3 d6 6. Be2 Be7 7. O-O {
Milano Pro letzter Buchzug} O-O {Miami letzter Buchzug} 8. Be3 Nc6 9. f4 Qb6
10. Rb1 d5 11. e5 Nxd4 $146 ({RR} 11... Ne4 12. Kh1 Bb4 13. Qd3 Nc5 14. Qb5
Qxb5 15. Ncxb5 Ne4 16. c3 Bc5 17. Bf3 a6 18. Nc7 Rb8 19. Bxe4 Bxd4 20. Bxd4
Nxd4 21. cxd4 dxe4 22. Rfe1 Bd7 23. d5 exd5 24. Nxd5 Bb5 25. Nc3 f5 26. exf6 {
Lagno,K-Dyrda,V/Cannes 1997/EXT 2000/1/2-1/2 (44)}) 12. Bxd4 Bc5 13. Bxc5 Qxc5+
14. Kh1 Ne8 15. Qd3 b6 16. f5 Bb7 17. fxe6 fxe6 18. Rxf8+ Qxf8 19. Nb5 Ba6 20.
Qh3 Qe7 21. Bd3 h6 22. Rf1 Rd8 23. Nd4 Bxd3 24. cxd3 Rc8 25. Qxe6+ Qxe6 26.
Nxe6 Kh7 27. h3 Rc6 28. Nd4 Rc7 29. e6 Kg6 30. g4 Re7 31. Rf5 Nc7 32. h4 Re8
33. h5+ Kh7 34. Re5 g6 35. hxg6+ Kxg6 36. e7 Kf6 37. Nc6 a6 38. Kg2 Kf7 39.
Rf5+ Kg8 40. d4 Kh7 41. Kg3 Kg8 42. Rf6 Kh7 43. Rd6 Rg8 44. Kh3 Re8 45. Kh4 Kg7
46. Kh5 Kf7 47. Ne5+ Kg8 48. Rg6+ Kh7 49. Nd7 Kh8 50. Kxh6 Rg8 51. Rf6 Ne6 {
# in 5} 52. Rxe6 a5 53. e8=Q b5 54. Re7 a4 55. Rh7# {21:27 - 24:03} 1-0

[Event "30/move"]
[Site "?"]
[Date "2006.03.31"]
[Round "10"]
[White "Mephisto Miami"]
[Black "Mephisto Milano Pro"]
[Result "0-1"]
[WhiteElo "1966"]
[BlackElo "2124"]
[PlyCount "136"]
[EventDate "2006.03.31"]
[EventType "tourn (rapid)"]
[EventRounds "20"]
[EventCountry "NED"]
[SourceDate "2006.03.12"]

1. d4 Nf6 2. c4 e6 3. Nf3 b6 4. a3 d5 5. Nc3 {Miami letzter Buchzug} Bb7 {
Milano Pro letzter Buchzug} 6. e3 Be7 7. cxd5 exd5 8. Bb5+ c6 9. Bd3 O-O 10.
O-O c5 11. b3 Nc6 $146 ({RR} 11... Nbd7 12. Bb2 Rc8 13. Rc1 Ne4 14. Bb1 Bf6 15.
dxc5 Ndxc5 16. Nd4 Re8 17. b4 Ne6 18. Nxe6 Rxe6 19. Nxe4 Bxb2 20. Rxc8 Qxc8 21.
Ng3 g6 22. Ne2 Rc6 23. Qb3 Be5 24. Qxd5 Rc5 25. Qd1 Bxh2+ 26. Kxh2 {
Boada,W-Hsu Li Yang/Moscow 1994/CBM 44 ext/0-1}) 12. Re1 Re8 13. Bb2 a6 14. Rc1
Bd6 15. dxc5 bxc5 16. Na4 Ne4 17. Qc2 Qe7 18. Nb6 Rad8 19. Nxd5 Bxh2+ 20. Nxh2
Rxd5 21. Rcd1 Qd7 22. Bxe4 Rxe4 23. Qc3 f6 24. Rxd5 Qxd5 25. Nf1 Nd4 26. b4
cxb4 27. axb4 Rg4 28. e4 Rxe4 29. f3 Nxf3+ 30. gxf3 Qg5+ 31. Kf2 Qh4+ 32. Ng3
Rxb4 33. Ba3 Qh2+ 34. Ke3 Rb5 35. Qc4+ Rd5 36. Rd1 Qxg3 37. Rxd5 Qe1+ 38. Kd3
Qd1+ 39. Ke4 Bxd5+ 40. Qxd5+ Qxd5+ 41. Kxd5 Kf7 42. Kc6 g5 43. Kb6 f5 44. Bc1
f4 45. Bb2 h5 46. Bd4 Ke6 47. Kxa6 g4 48. fxg4 h4 49. Kb5 h3 50. Bg1 f3 51. g5
h2 52. Bxh2 f2 53. Kb4 f1=Q 54. Bc7 Kd5 55. Ba5 Qb1+ 56. Kc3 Qe1+ 57. Kd3 Qxa5
58. Ke3 Ke5 59. Kf3 Qc3+ 60. Kg4 Qd4+ 61. Kf3 Kf5 62. g6 Qd3+ 63. Kf2 Kf4 64.
g7 Qf3+ 65. Kg1 Qg3+ 66. Kh1 Qxg7 {# in 3} 67. Kh2 Kf3 68. Kh3 Qg3# {
33:17 - 28:24} 0-1

[Event "30/move"]
[Site "?"]
[Date "2006.03.31"]
[Round "11"]
[White "Mephisto Milano Pro"]
[Black "Mephisto Miami"]
[Result "1/2-1/2"]
[WhiteElo "2124"]
[BlackElo "1966"]
[PlyCount "117"]
[EventDate "2006.03.31"]
[EventType "tourn (rapid)"]
[EventRounds "20"]
[EventCountry "NED"]
[SourceDate "2006.03.12"]

1. e4 e5 2. Nf3 Nc6 3. Bc4 Bc5 4. d3 d6 {Miami letzter Buchzug} 5. Nc3 {
Milano Pro letzter Buchzug} Bg4 6. Na4 Nd4 7. Nxc5 Bxf3 8. gxf3 dxc5 9. c3 b5
$146 ({RR} 9... Nc6 10. Qb3 Qd7 11. Bxf7+ Kf8 12. Bc4 Na5 13. Qb5 Qxb5 14. Bxb5
Rd8 15. Be3 b6 16. Rd1 c6 17. Ba4 Ne7 18. f4 exf4 19. Bxf4 Ng6 20. Bg3 b5 21.
Bc2 Ke7 22. f4 h5 23. f5 {1-0 Burn,A-Loman,R/Amsterdam 1889/EXT 2001}) 10.
Bxf7+ Kxf7 11. cxd4 Qxd4 12. Qb3+ c4 13. dxc4 Qxc4 14. Qxc4+ bxc4 15. f4 Nf6
16. fxe5 Nxe4 17. Ke2 Ke6 18. f3 Nc5 19. f4 g5 20. fxg5 Kxe5 21. Rf1 Nd3 22. b3
h6 23. g6 Rhg8 24. Rg1 Rae8 25. Bxh6 Kd4+ 26. Kf1 Re4 27. Rg3 Re6 28. Rg4+ Re4
29. Rxe4+ Kxe4 30. g7 c3 31. Ke2 c2 32. Kd2 c1=B+ 33. Rxc1 Nxc1 34. Kxc1 Kf5
35. Kd2 a6 36. h4 Kg4 37. Bg5 Rxg7 38. Ke2 Rf7 39. Kd3 Rf2 40. a4 Kf5 41. b4
Ra2 42. a5 Rg2 43. Kd4 Ke6 44. Kc5 Rc2+ 45. Kd4 Kf5 46. Kd5 c6+ 47. Kd6 Rc4 48.
Be7 Rxb4 49. Kxc6 Re4 50. Bd8 Re8 51. Bb6 Kg4 52. Kb7 Kxh4 53. Kxa6 Re5 54. Kb7
Re7+ 55. Kc6 Re6+ 56. Kc7 Re7+ 57. Kc6 Re6+ 58. Kc7 Re7+ 59. Kc6 {
Remis wg. 3-facher Zugwiederholung, 28:49 - 26:56} 1/2-1/2

[Event "30/move"]
[Site "?"]
[Date "2006.03.31"]
[Round "12"]
[White "Mephisto Miami"]
[Black "Mephisto Milano Pro"]
[Result "1/2-1/2"]
[WhiteElo "1966"]
[BlackElo "2124"]
[PlyCount "103"]
[EventDate "2006.03.31"]
[EventType "tourn (rapid)"]
[EventRounds "20"]
[EventCountry "NED"]
[SourceDate "2006.03.12"]

1. e4 e5 2. Nf3 Nf6 3. Nxe5 d6 4. Nf3 Nxe4 5. d4 d5 6. Bd3 {
Miami letzter Buchzug} Nc6 7. O-O Bg4 8. Re1 Be7 9. c3 f5 10. Qb3 O-O 11. Qxb7
Rf6 {Milano Pro letzter Buchzug} 12. Bf4 Rb8 13. Qxc7 Qxc7 14. Bxc7 Rxb2 15.
Re2 Rb7 16. Bf4 Rg6 $146 ({RR} 16... h6 17. Rc2 g5 18. Bc1 Rc7 19. Ba3 Nd6 20.
Ne5 Bh5 21. Nd2 Ne4 22. Bxe7 Nxe7 23. c4 Nxd2 24. Rxd2 dxc4 25. Bxc4+ Kg7 26.
Bb3 f4 27. Re1 Nf5 28. g4 fxg3 29. hxg3 Nd6 30. d5 Be8 31. Ng4 {
Glatt,G-Papp,N/Hungary 1995/EXT 97/1/2-1/2 (48)}) 17. Kh1 Rf6 18. h3 Bh5 19.
Bh2 Rh6 20. a3 Bf6 21. Rc2 Bxf3 22. gxf3 Rxh3 23. Kg2 Ng5 24. Bg3 f4 25. Bxf4
Ne6 26. Bg3 Rh6 27. Nd2 Bg5 28. Rb1 Rxb1 29. Nxb1 Nf4+ 30. Bxf4 Bxf4 31. Rb2
Kf7 32. Rb7+ Kg8 33. Bc2 a6 34. Kf1 Kf8 35. Bd3 Nb8 36. Bf5 Nc6 37. Rb6 a5 38.
Rb5 Ne7 39. Bc2 Bc7 40. Rb7 Bf4 41. Ra7 Nc6 42. Ra6 Ke7 43. Rb6 Bc7 44. Rb7 Kd6
45. Nd2 Nd8 46. Rb3 Ne6 47. Kg1 Nf4 48. Rb5 Ne2+ 49. Kf1 Nf4 50. Kg1 Ne2+ 51.
Kf1 Nf4 52. Kg1 {Remis wg. 3-facher Zugwiederholung, 24:39 - 32:16} 1/2-1/2